000 00492nam a22001697a 4500
001 45655
003 BD-DhUET
008 260421b xxu||||| |||| 00| 0 eng d
040 _c0
_dBD-DhUET
100 _aMasudur Rahman, Md.
245 _aDevelopment of a low-cost data logger for triaxial test of soil
260 _aDhaka
_bInstitute of Information and Communication Technology, BUET
_c2025
300 _axii, 58p.
501 _aOne CD-ROM
504 _aIncludes bibliographies
942 _cTH
999 _c45655
_d45655